| Tag |
First Indicator |
Second Indicator |
Subfields |
| LEADER |
00000nam a2200000 i 4500 |
| 001 |
in00004641721 |
| 006 |
m o d f |
| 007 |
cr ||||||||||| |
| 008 |
221014s2022 dcua ob f000 0 eng c |
| 005 |
20230113210837.0 |
| 024 |
8 |
|
|a 48-668
|q (GPO jacket number)
|
| 035 |
|
|
|a (OCoLC)on1347442296
|
| 040 |
|
|
|a GPO
|b eng
|e rda
|e pn
|c GPO
|d GPO
|d MvI
|
| 042 |
|
|
|a pcc
|
| 043 |
|
|
|a n-us---
|
| 049 |
|
|
|a WWW
|
| 074 |
|
|
|a 1038-C (online)
|
| 086 |
0 |
|
|a Y 4.F 49:S.HRG.117-373
|
| 110 |
1 |
|
|a United States.
|b Congress.
|b Senate.
|b Committee on Finance.
|b Subcommittee on Fiscal Responsibility and Economic Growth,
|0 https://id.loc.gov/authorities/names/no2012015363
|e author.
|
| 245 |
1 |
0 |
|a Creating opportunity through a fairer tax system :
|b hearing before the Subcommittee on Fiscal Responsibility and Economic Growth of the Committee on Finance, United States Senate, One Hundred Seventeenth Congress, first session, April 27, 2021.
|
| 264 |
|
1 |
|a Washington :
|b U.S. Government Publishing Office,
|c 2022.
|
| 300 |
|
|
|a 1 online resource (iv, 156 pages) :
|b illustrations.
|
| 336 |
|
|
|a text
|b txt
|2 rdacontent
|
| 337 |
|
|
|a computer
|b c
|2 rdamedia
|
| 338 |
|
|
|a online resource
|b cr
|2 rdacarrier
|
| 490 |
1 |
|
|a S. hrg. ;
|v 117-373
|
| 504 |
|
|
|a Includes bibliographical references.
|
| 500 |
|
|
|a GPO Cataloging Record Distribution Program (CRDP).
|
| 511 |
0 |
|
|a Hearing witnesses: Disney, Abigail E., Ph.D., CEO and co-founder, Fork Films, New York, NY; Straughter, Cheryl, owner, Soleil Restaurant, Boston, MA; Gamage, David, professor of law, Maurer School of Law, Indiana University, Bloomington, IN; Hodge, Scott A., president, Tax Foundation, Washington, DC; Hoopes, Jeffrey L., Ph.D., associate professor, Kenan Flagler Business School, University of North Carolina, Chapel Hill, NC; Pomerleau, Kyle, resident fellow, American Enterprise Institute, Washington, DC.
|
| 518 |
|
|
|a Date of hearing: 2021-04-27.
|
| 588 |
|
|
|a Description based on online resource; title from PDF title page (GovInfo, viewed Oct. 12, 2022).
|
| 650 |
|
0 |
|a Economic development
|0 https://id.loc.gov/authorities/subjects/sh85040804
|z United States.
|0 https://id.loc.gov/authorities/names/n78095330-781
|
| 650 |
|
0 |
|a Taxation
|z United States.
|0 https://id.loc.gov/authorities/subjects/sh85132861
|
| 655 |
|
7 |
|a Legislative hearings.
|2 lcgft
|0 https://id.loc.gov/authorities/genreForms/gf2013025047
|
| 776 |
0 |
8 |
|i Print version:
|a United States. Congress. Senate. Committee on Finance. Subcommittee on Fiscal Responsibility and Economic Growth.
|t Creating opportunity through a fairer tax system
|w (OCoLC)1347448875
|
| 810 |
1 |
|
|a United States.
|b Congress.
|b Senate.
|t S. hrg. ;
|0 https://id.loc.gov/authorities/names/n83707917
|v 117-373.
|
| 856 |
4 |
0 |
|u https://purl.fdlp.gov/GPO/gpo187617
|t 0
|
| 999 |
f |
f |
|s 60847888-fb93-4968-83d9-4534a46d4518
|i 3f9032f4-ae78-4a3d-9bd0-7ccd77c3110c
|t 0
|
| 952 |
f |
f |
|a Texas A&M University
|b College Station
|c Electronic Resources
|d Available Online
|t 0
|e Y 4.F 49:S.HRG.117-373
|h Superintendent of Documents classification
|
| 998 |
f |
f |
|a Y 4.F 49:S.HRG.117-373
|t 0
|l Available Online
|